ბათუმის შოთა რუსთაველის სახელმწიფო უნივერსიტეტის ბიბლიოთეკა

განათლების მიზანი=The End of Education. (ბიბ.ჩანაწერი № 43982)

000 -LEADER
fixed length control field 01174nam a2200277Ia 4500
001 - CONTROL NUMBER
control field 10732
003 - CONTROL NUMBER IDENTIFIER
control field GE_BSU
008 - FIXED-LENGTH DATA ELEMENTS--GENERAL INFORMATION
fixed length control field 181216s||||||||xx |||||||||||||| ||und||
020 ## - INTERNATIONAL STANDARD BOOK NUMBER
International Standard Book Number 9789994002931
040 ## - CATALOGING SOURCE
Transcribing agency GE_BSU
080 ## - UNIVERSAL DECIMAL CLASSIFICATION NUMBER
Universal Decimal Classification number 37+373.3/5
100 ## - MAIN ENTRY--PERSONAL NAME
Personal name პოსტმანი,ნილ.
245 ## - TITLE STATEMENT
Title განათლების მიზანი=The End of Education.
245 ## - TITLE STATEMENT
Remainder of title სკოლის მნიშვნელობის გადაფასება.
245 ## - TITLE STATEMENT
Statement of responsibility, etc. თარგმნა:ლელა პაპიაშვილმა. რედ.ნინო ჭიაბრიშვილი.
260 ## - PUBLICATION, DISTRIBUTION, ETC.
Place of publication, distribution, etc. თბილისი
260 ## - PUBLICATION, DISTRIBUTION, ETC.
Name of publisher, distributor, etc. ი.ჭავჭავაძის სახელმწ. უნ–ტის გამ–ბა.
260 ## - PUBLICATION, DISTRIBUTION, ETC.
Date of publication, distribution, etc. 2007.
300 ## - PHYSICAL DESCRIPTION
Extent 188გვ;28სმ.
300 ## - PHYSICAL DESCRIPTION
Accompanying material შენიშვნ.გვ:182–184.
520 ## - SUMMARY, ETC.
Summary, etc. შემოსულია ტემპუსის პროექტით.
653 ## - INDEX TERM--UNCONTROLLED
Uncontrolled term განათლების მიზანი=The End of Education.
653 ## - INDEX TERM--UNCONTROLLED
Uncontrolled term ტემპუსის პროექტით
942 ## - ADDED ENTRY ELEMENTS (KOHA)
Koha item type წიგნი

არაა ხელმისაწვდომი ეგზემპლარები.